书目信息 |
| 题名: |
建筑设计与城市空间
|
|
| 作者: | 田银生 , 刘韶军 编著 | |
| 分册: | ||
| 出版信息: | 天津 天津大学出版社 2000.01 |
|
| 页数: | 159页 | |
| 开本: | 32开 | |
| 丛书名: | ||
| 单 册: | ||
| 中图分类: | TU984.11 | |
| 科图分类: | ||
| 主题词: | 城市规划 | |
| 电子资源: | ||
| ISBN: | 7-5618-1252-3 | |
| 000 | 00587nam0 2200193 45 | |
| 001 | 0010210954 | |
| 005 | 20070108161503.89 | |
| 010 | @a7-5618-1252-3@dRMB 32.00 | |
| 100 | @a20001021d2000 km y0chiy0120 ea | |
| 101 | 0 | @achi |
| 200 | 1 | @a建筑设计与城市空间@AJian Zhu She Ji Yu Cheng Shi Kong Jian@f田银生,刘韶军编著@FTian Yin Sheng,Liu Shao Jun Bian Zhu |
| 210 | @a天津@c天津大学出版社@d2000.01 | |
| 215 | @a159页@d32开 | |
| 606 | 0 | @a城市规划 |
| 690 | @aTU984.11@v3 | |
| 701 | 0 | @a田银生@4编著 |
| 701 | 0 | @a刘韶军@4编著 |
| 801 | @aCN@c20070108 | |
| 905 | @b179427-431@dTU984.11@eT799@f5 | |
| 建筑设计与城市空间/田银生,刘韶军编著.-天津:天津大学出版社,2000.01 |
| 159页;32开 |
| ISBN 7-5618-1252-3:RMB 32.00 |
| ● |
| 相关链接 |
|
|
|
正题名:建筑设计与城市空间
索取号:TU984.11/T799
 
预约/预借
| 序号 | 登录号 | 条形码 | 馆藏地/架位号 | 状态 | 备注 |
| 1 | 179427 | 201794273 | 建筑与城市规划学院资料室/ [索取号:TU984.11/T799] | 在馆 | |
| 2 | 179428 | 201794282 | 建筑与城市规划学院资料室/ [索取号:TU984.11/T799] | 在馆 | |
| 3 | 179429 | 201794291 | 建筑与城市规划学院资料室/ [索取号:TU984.11/T799] | 在馆 | |
| 4 | 179430 | 201794308 | 建筑库201/201建筑库 62排1列4层/ [索取号:TU984.11/T799] | 在馆 | |
| 5 | 179431 | 201794317 | 建筑与城市规划学院资料室/101建筑库 87排1列1层/ [索取号:TU984.11/T799] | 在馆 | |
| 6 | 65968 | 200659689 | 建筑库201/201建筑库 62排5列4层/ [索取号:TU984.11/T799] | 在馆 | |
| 7 | 65969 | 200659698 | 建筑库201/201建筑库 62排5列4层/ [索取号:TU984.11/T799] | 在馆 | |
| 8 | 65970 | 200659705 | 建筑库201/201建筑库 62排5列4层/ [索取号:TU984.11/T799] | 在馆 | |
| 9 | 65971 | 200659714 | 建筑与城市规划学院资料室/201建筑库 64排7列4层/ [索取号:TU984.11/T799] | 在馆 | |
| 10 | 65973 | 200659732 | 建筑库201/201建筑库 64排7列3层/ [索取号:TU984.11/T799] | 在馆 | |
| 11 | 65974 | 200659741 | 建筑与城市规划学院资料室/101建筑库 87排1列1层/ [索取号:TU984.11/T799] | 在馆 | |
| 12 | 65975 | 200659750 | 建筑库201/201建筑库 62排5列4层/ [索取号:TU984.11/T799] | 在馆 | |
| 13 | 65977 | 200659778 | 建筑与城市规划学院资料室/ [索取号:TU984.11/T799] | 在馆 | |
| 14 | 65978 | 200659787 | 自科二线404/404自科库 1排5列5层/ [索取号:TU984.11/T799] | 在馆 | |
| 15 | 66973 | 200669730 | 建筑库201/101建筑库 3排3列4层/ [索取号:TU984.11/T799] | 在馆 | |
| 16 | 66974 | 200669749 | 自科二线404/404自科库 3排5列1层/ [索取号:TU984.11/T799] | 在馆 | |
| 17 | 66975 | 200669758 | 自科二线404/404自科库 3排5列1层/ [索取号:TU984.11/T799] | 在馆 | |
| 18 | 66976 | 200669767 | 自科二线404/404自科库 3排5列1层/ [索取号:TU984.11/T799] | 在馆 |